Οι 10 πιο απομακρυσμένες ευρωπαϊκές πρωτεύουσες - Statistics

General Stats
  • This quiz has been taken 49 times
  • The average score is 6 of 10
Answer Stats
Απόσταση Κοντινότερη Πρωτεύουσα Πρωτεύουσα % Correct
675 χλμ Μινσκ Μόσχα
92%
1.493 χλμ Δουβλίνο Ρέικιαβικ
82%
463 χλμ Λονδίνο Δουβλίνο
79%
500 χλμ Μαδρίτη Λισαβόνα
77%
417 χλμ Στοκχόλμη Όσλο
77%
489 χλμ Σκόπια Αθήνα
72%
494 χλμ Ανδόρρα λα Βέλλα Μαδρίτη
56%
401 χλμ Κισινάου Κίεβο
51%
392 χλμ Βίλνιους Βαρσοβία
26%
494 χλμ Μαδρίτη Ανδόρρα λα Βέλλα
5%
No matching quizzes found
Score Distribution
Percent of People with Each Score
Percentile by Number Answered
Your Score History
You have not taken this quiz